Statystyki dla Kraje według częściowego obrazu satelitarne #3

Kliknij tutaj aby rozwiązać quiz!

Ogólne statystyki

  • Ten quiz został rozwiązany 373 razy
  • Średni wynik to 8 z 15

Statystyki odpowiedzi

Odpowiedź% Poprawnych
Egipt
89%
Norwegia
88%
Rosja
78%
Islandia
77%
Australia
73%
Kanada
70%
Chiny
68%
Irlandia
64%
Stany Zjednoczone
57%
Indie
53%
Chile
40%
Tajlandia
28%
Holandia
17%
Haiti
16%
Senegal
6%

Rozkład punktacji

Percentyl według liczby udzielonych odpowiedzi

Procent ludzi z każdym wynikiem

Twoja historia wyników

Nie rozwiązałeś tego quizu